000 00542nam a2200193Ia 4500
005 20250326144843.0
008 250326s9999 xx 000 0 und d
020 _a81-7446-424-7
037 _aTextbook
040 _aFMSL
_beng
_cFMSL
041 _aeng
_2eng
084 _aX:8 P5
_qFMSL
100 _aKachru Upendra
_9750201
245 0 _aStrategic management : concepts and cases
_cKachru Upendra
260 _aNew Delhi
_bNew Delhi, Excel
_c2005
300 _axxviii,817
942 _cTB
_hX:8 P5
999 _c1305318
_d1305318